Wien U-Bahn - Deutsch Ausgabe - Statistiken

Allgemein
  • Dieses Quiz wurde 35 mal gespielt
  • Das Durchschnittsergebnis liegt bei 10 aus 15
Antwortstatistiken
Hint Antwort % Korrekt
Kettenbrückengasse U4
86%
Stadion U2
83%
Neubaugasse U3
83%
Kagran U1
76%
Schönbrunn U4
76%
Kelperplatz U1
69%
Gasometer U3
69%
Stadtpark U4
69%
Taborstraße U2
66%
Taubstummengasse U1
62%
Donauspital U2
62%
Herrengasse U3
62%
Jägerstraße U6
62%
Alterlaa U6
52%
Neue Donau U6
52%
Keine übereinstimmenden Quizze gefunden
Verteilung der Resultate
Anzahl Personen mit jedem Resultat
Perzentil nach korrekt beantworteten Fragen
Ihre Resultats-Entwicklung
Sie haben dieses Quiz noch nicht gespielt